000 00779nas a2200265 4500
001 BR0403133
003 BR-BrBNA
005 20231205104617.0
007 ta
008 230509b bl.|||p| |||| 00| 00por d
040 _aBR-BrBNA
_bpor
_cBiblioteca Nacional de Agricultura
041 _a(Pt)
072 _aT01
100 1 _aRoscoe, R.
245 1 _aRediscutindo o papel dos ecossistemas terrestres no seqüestro de carbono
650 _aCARBONO
650 _aGÁS
650 _aECOSSISTEMA
650 _aPOLUIÇÃO DO AR
650 _aATMOSFERA
650 _aEFEITO ESTUFA
773 0 _tCadernos de Ciência e Tecnologia (Brazil)
_xISSN 0104-1096
_g(May-Aug 2003), v. 20(2) p. 209-223
_wBR0403133
909 _a202311
_bLúcia
_c55
_dLúcia Elande
942 _2AGRIS
_n0
_cANA
999 _c178949
_d178949